000 02965cam a22003017a 4500
999 _c110267
_d110267
003 BJBSDDR
005 20230411085954.0
007 ta
008 820928s1978 mx 000 0 spa
020 _a9682302641
035 _a2344051
040 _aDLC
_cDLC
_bspa
041 _aspa
050 1 4 _aHC 125
_bB199c 1978
082 0 0 _a327.8
100 1 _aBambirra, Vania.
245 1 3 _aEl capitalismo dependiente latinoamericano /
_cpor Vania Bambirra.
250 _a5a ed.
260 _aMéxico :
_bSiglo Veintiuno Editores,
_c1978.
300 _aviii, 180 p. ;
_c18 cm.
505 _aINDICE PRIMERA PARTE: HACIA UNA TIPOLOGÍA DE LA DEPENDENCIA (INDUSTRIALIZACIÓN Y ES TRUCTURA SOCIOECONÓMICA) I. Cuestiones de método II. Consideraciones críticas a un intento de ti pología histórico-estructural 12 III. Proposición de tipología de las sociedades dependientes IV. Las condiciones y características del desarro llo de los países cuya industrialización fue producto de la expansión y transformación del sector primario-exportador V. Del porqué hubo países cuya industrializa 23 31 ción sólo comenzó como producto de la integración monopólica mundial (tipo B) SEGUNDA PARTE: LAS ESTRUCTURAS DEPENDIEN 69 TES EN LA FASE DE LA INTEGRACIÓN MONO PÓLICA MUNDIAL VI. La integración monopólica mundial y sus consecuencias en América Latina 85 VII. Las condiciones que permiten la industriali zación bajo el dominio del capitalismo mo nopólico integrado en los países del tipo A 96 IVI
520 _aDurante los últimos años el esfuerzo teórico-analitico realizado por los investigadores sociales en América Latina se ha centrado en la búsqueda de enfoques metodológicos que permitan aprehender de manera global la problemática de la región, así como superar las trampas ideológicas que la ciencia social burguesa y la propia realidad del subcontinent le tienden a la investigación social crítica. El avance ha sido importante en lo que se refiere a análisis concreto de las contradicciones internas de las sociedades lat' oamericanas, concebidas como parte de una totalidad que las determina: el sistema internacional capitalista. Sin embargo, el tránsito del enfoque metodológico y giobal al de las especificidades históricas y estructurales se encuentra todavía en proceso, tanto por lo que toca elaboraciones concretas como a la necesaria revaloración crítica de los conceptos elaborados a nivel general. El capitalismo dependiente latinoamericano tiene precisamente como objeto contribuir a acelerar ese tránsito, pasando de las cuestiones teóricas generales al estudio de las manifestaciones históricas específicas y del proceso de cambio de las estructuras dependientes.
650 4 _aCapitalismo
_91787
650 4 _aNacionalismo
_9939
_zAmérica Latina
650 4 _aCondiciones económicas
_9292
830 0 _aSociología y política (Siglo Veintiuno Editores)
942 _2lcc
_cBK